Statistics for Top 100 Best Selling Songs 2000-2017

Click here to take the quiz!

General Stats

  • This quiz has been taken 2,918 times
  • The average score is 38 of 100

Answer Stats

Artist(s)NameYear% Correct
AdeleHello2015
76%
Pharrell WilliamsHappy2013
70%
Lady GagaPoker Face2009
68%
Wiz Khalifa ft. Charlie PuthSee You Again2015
65%
Rihanna ft. Jay-ZUmbrella2007
64%
Owl CityFireflies2010
63%
PSYGangnam Style2012
63%
AdeleRolling In The Deep2010
63%
HozierTake Me To Church2014
63%
Carly Rae JepsenCall Me Maybe2012
61%
Taylor SwiftShake It Off2014
61%
Ed SheeranShape Of You2017
60%
Justin BieberSorry2015
60%
Shakira ft. Wyclef JeanHips Don't Lie2005
59%
Macklemore ft. WanzThrift Shop2013
59%
Mark Ronson ft. Bruno MarsUptown Funk2014
59%
LordeRoyals2013
58%
John LegendAll Of Me2013
56%
OutkastHey Ya2003
55%
Ke$haTik Tok2010
55%
Pitbull ft. Ke$haTimber2012
53%
Imagine DragonsRadioactive2013
52%
B.O.B ft Hayley WilliamsAirplanes2010
50%
The Chainsmokers ft. HalseyCloser2016
50%
Bruno MarsGrenade2010
50%
Lady GagaBad Romance2009
49%
Maroon 5Sugar2015
48%
Katy Perry ft.Juicy JDark Horse2013
47%
Eminem ft. RihannaLove The Way You Lie2010
47%
AviciiWake Me Up2013
47%
Katy PerryFirework2010
46%
LMFAO ft. GoonRock & Lauren BennettParty Rock Anthem2010
46%
Meghan TrainorAll About That Bass2014
45%
Taylor SwiftBlank Space2014
45%
PassengerLet Her Go2013
45%
Robin Thicke ft.T.I. & Pharrell WilliamsBlurred Lines2013
44%
Katy PerryRoar2013
44%
Maroon 5 ft. Christina AguileraMoves Like Jagger2011
43%
AdeleSomeone Like You2011
43%
OMICheerleader2015
42%
OneRepublicCounting Stars2013
42%
Maroon 5 ft. Wiz KhalifaPayphone2012
42%
Katy Perry ft. Snoop DoggCalifornia Gurls2010
40%
Gotye ft. KimbraSomebody That I Used To Know2011
40%
Taio CruzDynamite2010
39%
Justin BieberLove Yourself2015
38%
ColdplayViva La Vida2008
38%
MacklemoreCan't Hold Us2013
37%
Katy PerryI Kissed A Girl2008
37%
Major Lazer ft. MØ & DJ SnakeLean On2015
37%
Green DayBoulevard Of Broken Dreams2004
36%
RihannaDiamonds2012
36%
Daft Punk ft.Pharrell WilliamsGet Lucky2013
36%
Jason MrazI'm Yours2008
36%
Fun. ft. Janelle MonaeWe Are Young2012
36%
LMFAOSexy And I Know It2011
35%
Sam SmithStay With Me2014
35%
Gnarles BarkleyCrazy2006
34%
TrainHey Soul Sister2010
34%
Jennifer Lopez ft. PitbullOn The Floor2011
33%
Daniel PowterBad Day2005
32%
Lady Gaga ft. Colby O'DonisJust Dance2008
32%
Bruno MarsJust The Way You Are2010
32%
Ellie GouldingLove Me Like You Do2015
32%
Flo Rida ft. T-PainLow2007
31%
Sia ft. Sean PaulCheap Thrills2016
30%
The Black Eyed PeasI Gotta Feeling2009
30%
Calvin Harris ft. RihannaWe Found Love2011
29%
Leona LewisBleeding Love2007
28%
The Black Eyed PeasBoom Boom Pow2009
28%
P!nk ft. Nate RuessJust Give Me A Reason2013
28%
AdeleSet Fire To The Rain2011
28%
P!nkSo What2008
28%
Lady GagaBorn This Way2011
27%
Will.i.am ft. Britney SpearsScream & Shout2012
27%
Justin BieberWhat Do You Mean?2015
26%
James BluntYou're Beautiful2005
26%
Timbaland ft.OneRepublicApologize2007
25%
Drake ft. Wizkid & KylaOne Dance2016
25%
Ed SheeranThinking Out Loud2013
23%
Justin TimberlakeCan't Stop The Feeling2016
22%
Pitbull ft. Ne-Yo, Afrojack & NayerGive Me Everything2011
19%
Katy PerryHot N'Cold2008
19%
FergieBig Girls Don't Cry2007
18%
Las KetchupAsereje (The Ketchup Song)2002
17%
Bruno MarsLocked Out Of Heaven2012
17%
DidoWhite Flag2003
17%
Madonna ft. Justin Timberlake4 Minutes2008
16%
RihannaDisturbia2008
16%
Alicia KeysNo One2007
16%
ShakiraWhenever, Wherever2002
16%
Maroon 5This Love2004
15%
RihannaOnly Girl In The World2010
13%
MadonnaHung Up2005
12%
RihannaDon't Stop The Music2007
11%
MadonnaMusic2000
10%
Gwen Stefani ft. AkonThe Sweet Escape2007
10%
Timbaland ft. Keri Hilson, D.O.E. SebastianThe Way I Are2007
9%
Nelly FurtadoSay It Right2007
8%
Kylie MinogueJust Can't Get You Out Of My Head2001
1%

Score Distribution

Percentile by Number Answered

Percent of People with Each Score

Your Score History

You have not taken this quiz